| 000 | 00000nam##2200000za#4500 |
| 001 | 9.661780 |
| 003 | CaOODSP |
| 005 | 20210615120227 |
| 007 | ta |
| 008 | 150407|2000||||xxc||||| f|0| 0 fre|d |
| 020 | |a0-662-64903-6 |
| 040 | |aCaOODSP|bfre |
| 041 | |aeng |
| 041 | |afre |
| 043 | |an-cn--- |
| 086 | 1 |aCi63-18/2000 |
| 110 | 1 |aCanada. |bCitoyenneté et immigration Canada. |
| 245 | 10|aProcessus d'immigration en adoption internationale |
| 260 | |aOttawa - Ontario : |bCitoyenneté et Immigration Canada |c2000. |
| 300 | |aTexte français, 19p. ; |c22 cm. + |ela liste de pays qui ont mis en oeuvre la Convention de la Haye sur l'adoption internationale. |
| 500 | |aCette brochure sert de guide relativement au processus d'adoption internationale et à l'admission au Canada d'enfants adoptés. Elle renseigne sur les étapes et les procédures de base à suivre. Elle expose d'abord les grandes lignes de l'adoption et de l'immigration, puis les différentes étapes du processus. «Cette brochure sert de guide relativement au processus d'adoption internationale et à l'admission au Canada d'enfants adoptés. Elle renseigne sur les étapes et les procédures de base à suivre. Elle expose d'abord les grandes lignes de l'adoption et de l'immigration, puis les différentes étapes du processus.»--Page 1. |
| 520 | 3 |aCette brochure sert de guide relativement au processus d'adoption internationale et à l'admission au Canada d'enfants adoptés. Elle renseigne sur les étapes et les procédures de base à suivre. Elle expose d'abord les grandes lignes de l'adoption et de l'immigration, puis les différentes étapes du processus. |
| 546 | |aBilingue |
| 563 | |aCouverture souple |
| 590 | |a00-17|b2000-04-28 |
| 691 | 07|aAdoption internationale|2gcpds |
| 691 | 07|aImmigration|2gcpds |
| 776 | 0#|tProcessus d'immigration en adoption internationale / |w(CaOODSP)9.639761 |
| 776 | 0#|tInternational adoption and the immigration process / |w(CaOODSP)9.695629 |
| 791 | |tInternational adoption and the immigration process |eeng|w(CaOODSP)9.661779 |
| 986 | |aC&I-387-03-00 |